000 00841nam a2200229 a 4500
001 47740
003 BD-RjUL
005 20211209054402.0
008 160810s2004 ii ||||| |||| 00| 0 ben d
020 _a8187360720
_c: Tk. 55.00
035 _a(BD-RjUL)47859
040 _aBD-RjUL
_bben
_cBD-RjUL
041 _aben
082 _223
_a791.5
_bCHP 2004
100 1 _aচক্রবর্তী, নিশীথ
_9144998
245 1 0 _aপুতুলনাচ /
260 _aকলিকাতা :
_bলোকসংস্কৃতি ও আদিবাসী সংস্কৃতি কেন্দ্র,
_c২০০৪
300 _a১২৮ পৃ. ;
_c১২ সেমি.
650 _aপুতুল এবং খেলনা থিয়েটার
_9144999
650 _aPuppetry and toy theaters
_9145000
942 _2ddc
_cBK
999 _c47740
_d47740